Introduction to AI robotics / (Record no. 421)
[ view plain ]
| 000 -LEADER | |
|---|---|
| fixed length control field | 01310nac a22002291u 4500 |
| 008 - FIXED-LENGTH DATA ELEMENTS--GENERAL INFORMATION | |
| fixed length control field | 100914s2000 m |||||r|||| 00| 0 eng d |
| 010 ## - LIBRARY OF CONGRESS CONTROL NUMBER | |
| LC control number | 00033251 |
| 020 ## - INTERNATIONAL STANDARD BOOK NUMBER | |
| International Standard Book Number | 0262133830 (alk. paper) |
| 020 ## - INTERNATIONAL STANDARD BOOK NUMBER | |
| International Standard Book Number | 8120324587 |
| 082 00 - DEWEY DECIMAL CLASSIFICATION NUMBER | |
| Classification number | 629.86263 |
| Item number | MUR |
| Edition number | 22 |
| 100 ## - MAIN ENTRY--PERSONAL NAME | |
| Personal name | Murphy, Robin, |
| 9 (RLIN) | 19013 |
| 245 10 - TITLE STATEMENT | |
| Title | Introduction to AI robotics / |
| Statement of responsibility, etc | Robin R. Murphy |
| 260 ## - PUBLICATION, DISTRIBUTION, ETC. (IMPRINT) | |
| Place of publication, distribution, etc | Cambridge, Mass. : |
| Name of publisher, distributor, etc | MIT Press, |
| Date of publication, distribution, etc | c2000. |
| 300 ## - PHYSICAL DESCRIPTION | |
| Extent | xix, 466 p. : |
| Other physical details | ill. ; |
| Dimensions | 24 cm. |
| 440 #0 - | |
| -- | Intelligent robotics and autonomous agents |
| -- | 19014 |
| 500 ## - GENERAL NOTE | |
| General note | "A Bradford book" |
| 505 8# - FORMATTED CONTENTS NOTE | |
| Formatted contents note | Machine generated contents note: I Robotic Paradigms 1 -- 1 From Teleoperation To Autonomy 13 -- 2 The Hierarchical Paradigm 41 -- 3 Biological Foundations of the Reactive Paradigm 67 -- 4 The Reactive Paradigm 105 -- 5 Designing a Reactive Implementation 155 -- 6 Common Sensing Techniquesfor Reactive Robots 195 -- 7 The Hybrid Deliberative/Reactive Paradigm 257 -- 8 Multi-agents 293 -- II Navigation 315 -- 9 Topological Path Planning 325 -- 10 Metric Path Planning 351 -- 11 Localization and Map Making 375 -- 12 On the Horizon 435. |
| 650 #0 - SUBJECT ADDED ENTRY--TOPICAL TERM | |
| Topical term or geographic name as entry element | Robotics. |
| 9 (RLIN) | 19015 |
| 650 #0 - SUBJECT ADDED ENTRY--TOPICAL TERM | |
| Topical term or geographic name as entry element | Artificial intelligence. |
| 9 (RLIN) | 19016 |
| 856 41 - ELECTRONIC LOCATION AND ACCESS | |
| Materials specified | Table of contents |
| Uniform Resource Identifier | <a href="http://www.loc.gov/catdir/toc/fy031/00033251.html">http://www.loc.gov/catdir/toc/fy031/00033251.html</a> |
| 942 ## - ADDED ENTRY ELEMENTS (KOHA) | |
| Item type | Book - Borrowing |
| Call number prefix | 629.86263 MUR |
| Source of classification or shelving scheme | Dewey Decimal Classification |
| Withdrawn status | Item status | Source of classification or shelving scheme | Damaged status | Not for loan | Vendor | Home library | Current library | Shelving location | Date acquired | Source of acquisition | Cost, normal purchase price | Total Checkouts | Total Renewals | Full call number | Barcode | Date last seen | Date last borrowed | Cost, replacement price | Koha item type |
|---|---|---|---|---|---|---|---|---|---|---|---|---|---|---|---|---|---|---|---|
| Dewey Decimal Classification | Central Library | Central Library | First floor | 14/09/2010 | 100.00 | 7 | 47 | 629.86263 MUR | 000004204 | 15/07/2025 | 15/08/2018 | 125.00 | Book - Borrowing |